Quiz sur le Loir-et-Cher - Statistiques

Statistiques générales
  • Ce quiz a été pris 444 fois
  • Le résultat moyen est 16 sur 20
Statistiques - réponses
Question Réponse % Correct
Numéro de département 41
99%
Région Centre-Val de Loire
98%
Fleuve qui traverse le département. La Loire
98%
Préfecture Blois
94%
Indre
92%
Château représenté sur la photo. Château de Chambord
91%
Indre-et-Loire
91%
Départements limitrophes Cher
89%
Loiret
89%
Premier parc zoologique de France, où l'on trouve la réponse de la question précédente. ZooParc de Beauval
89%
Le Loir-et-Cher est l'unique endroit en France où l'on peut observer cet animal asiatique. Le panda
84%
Eure-et-Loir
80%
Animal fétche de François Ier que l'on retrouve sur le logo du Loir-et-Cher. La salamandre
75%
Vendôme
75%
Sarthe
67%
Région naturelle française située au sud-est du département. La Sologne
66%
Artiste qui chante sa famille habitant dans le département. Michel Delpech
66%
Sous-préfectures Romorantin-Lanthenay
59%
Gentilé Loir-et-Chériens
39%
Nombre d'habitants (arrondi à la dizaine de milliers d'habitants) 330 000 (331 915)
38%
Aucun quiz correspondant
Distribution des résultats
% des personnes avec chaque résultat
Percentile par nombre de réponses
Votre historique - résultats
Vous n’avez pas pris ce quiz